Samaj manovigyan: Ek paricya (Record no. 1366402)

MARC details
000 -LEADER
fixed length control field 00559nam a2200193Ia 4500
005 - DATE AND TIME OF LATEST TRANSACTION
control field 20250508160741.0
008 - FIXED-LENGTH DATA ELEMENTS--GENERAL INFORMATION
fixed length control field 008 250505s9999 xx 000 0 hin d
020 ## - INTERNATIONAL STANDARD BOOK NUMBER
International Standard Book Number 9-780312-239329
037 ## - SOURCE OF ACQUISITION
Stock number Books to be hide in OPAC
040 ## - CATALOGING SOURCE
Original cataloging agency FEDL
Language of cataloging eng
Transcribing agency FEDL
041 ## - LANGUAGE CODE
Language code of text/sound track or separate title hin
Source of code eng
084 ## - COLON CLASSIFICATION NUMBER
Classification number 301.15, KUP
Assigning agency FEDL
100 ## - MAIN ENTRY--PERSONAL NAME
Personal name Kupuswami B
9 (RLIN) 769286
245 #0 - TITLE STATEMENT
Title Samaj manovigyan: Ek paricya
260 ## - PUBLICATION, DISTRIBUTION, ETC.
Place of publication, distribution, etc. Chandigarh, India
Name of publisher, distributor, etc. Haryana Hindi Granth Acadmi
Date of publication, distribution, etc. 1972
300 ## - PHYSICAL DESCRIPTION
Extent xix,206p.
942 ## - ADDED ENTRY ELEMENTS (KOHA)
Koha item type Books to be hide in OPAC
Classification part 301.15, KUP
Holdings
Withdrawn status Lost status Damaged status Not for loan Home library Current library Date acquired Total Checkouts Full call number Barcode Date last seen Price effective from Koha item type
        Department of Education Library Department of Education Library 2025-05-08   301.15, KUP EL0053073 2025-05-08 2025-05-08 Books to be hide in OPAC
Copyright @ Delhi University Library System